Statistics for Countries with the Greatest Elevation A-Z

Click here to take the quiz!

General Stats

  • This quiz has been taken 14,083 times
  • The average score is 15 of 23

Answer Stats

Elevation (m) Country % Correct
N8848Nepal
94%
C8848China
92%
I8586India
88%
Q103Qatar
80%
U6191United States
79%
Z2592Zimbabwe
78%
Y3666Yemen
78%
F4810France
77%
R5642Russia
77%
B7570Bhutan
77%
P8611Pakistan
75%
O3009Oman
75%
J3776Japan
68%
V4978Venezuela
66%
A7492Afghanistan
65%
S4634Switzerland
57%
E6267Ecuador
55%
K7439Kyrgyzstan
51%
T7495Tajikistan
50%
H2870Honduras
47%
G5201Georgia
37%
M5881Myanmar
29%
L3482Lesotho
15%

Score Distribution

Percentile by Number Answered

Percent of People with Each Score

Your Score History

You have not taken this quiz